000 00325nam a22001457a 4500
003 SGT
020 _a978817315225X
082 _a920.72
_bR97S
100 _aSINHA, MRIDULA
245 _aRAJPATH SE LOKPATH PAR
260 _aINDIA
_bPRABHAT PRAKASHAN
_c1997
300 _a340
650 _aINDIAN HISTORY
942 _2ddc
_cBK
999 _c26285
_d26285